01916nam a2200313 u 4500001000800000005001700008007001000025008004100035035001200076040001300088041000800101080000600109100005200115245010500167260004300272300001300315520059000328650002600918650003700944650003600981650004601017650004601063700005601109700005501165942001001220999001901230500017801249952017501427106412420260507082815.0co|||||||080125s2007 spa  a1064124 ccomduadb aspa aW10aAlzate Hincapie, Maria Yeimi4auteaut944875710aPropuestas para el mejoramiento de la gestion del talento humano en la IPS Instituto del Torax S. A. aMedellín :b[sin publicador],c2007. a1 CD-ROM3 aObjetivo general : Presentar propuestas para el mejoramiento de la gestión del talento humano en la IPS Instituto del Tórax S.A. Objetivos específicos: Realizar un diagnóstico Institucional sobre el manejo de la gestión del talento humano; sugerir cambios en el organigrama del Instituto, que permitan la incorporación de la dirección del talento humano; proponer la visión, misión y políticas para darle valor agregado a la gestión del talento humano y presentar los procesos de la dirección de talento humano, para una gestión del talento humano con calidad aTalento humano959181 aRecursos humanos en salud913934 aIPS Instituto del Torax9165299 7aAdministración de personal2lemb935171 7aAdministración de personal2lemb93517110aOspina Sánchez, Carlos Andrés4auteaut944939810aMontoya Montoya, Margarita Maria4thseths9259522 cTESIS c453261d453261 aTesis (Administrador de Salud con Énfasis en Gestión de Servicios de Salud). Universidad de Antioquia. Facultad Nacional de Salud Pública - Título del grado otorgado 001040708SEMIACTIV2aBSPbBSPd2008-01-28eMaterial adquirido por donacióniC987091l0oW76 A4-07 CD-ROMp61000002969380r2023-04-27 00:00:00t1w2023-04-27yDIGITAL